| 000 | 00454nam a22001457a 4500 | ||
|---|---|---|---|
| 003 | OSt | ||
| 008 | 210915b ||||| |||| 00| 0 eng d | ||
| 020 | _a9789390175314 | ||
| 082 |
_a631.587 _bPAN/HA |
||
| 100 |
_aPanigrahi,Balram _9652 |
||
| 245 |
_aHandbook on Irrigation And Driange _bWith Numerical Problems , Short and Long Questions & Field Experiments |
||
| 260 |
_aNew Delhi _bNew India Publishing Agency _c2021 |
||
| 300 | _a602 Pages | ||
| 942 | _cBK | ||
| 999 |
_c17431 _d17431 |
||